[Event "Hofheim Spring op-B 5th"]
[Site "Hofheim"]
[Date "2017.04.10"]
[Round "7"]
[White "Kaulbars, Pascal"]
[Black "Nimbler, Isabell"]
[Result "1-0"]
[WhiteElo "1777"]
[BlackElo "1722"]
[PlyCount "35"]
[EventDate "2017.04.07"]
[EventType "swiss"]
[EventRounds "9"]
[EventCountry "GER"]
[SourceTitle "CBM 178 Extra"]
[Source "ChessBase"]
[SourceDate "2017.06.22"]
[SourceVersion "1"]
[SourceVersionDate "2017.06.22"]
[SourceQuality "1"]

1. d4 d5 2. c4 Nf6 3. Nc3 c6 4. Nf3 Bf5 5. Qb3 b6 6. cxd5 Nxd5 7. Ne5 Be6 8. Qc2 Nb4 9. Qd2 Nd7 10. Nf3 g6 11. e4 Bg7 12. a3 Nd5 13. exd5 Bxd5 14. Nxd5 cxd5 15. Bb5 0-0 16. 0-0 Rc8 17. Qe2 f6 18. Qe6+ 1-0

[Event "Main Vogelsberg op 6th"]
[Site "Hanau"]
[Date "2011.06.03"]
[Round "3"]
[White "Nimbler, Isabell"]
[Black "Hess, Steffen"]
[Result "0-1"]
[WhiteElo "1378"]
[BlackElo "1799"]
[PlyCount "84"]
[EventDate "2011.06.02"]
[EventType "swiss"]
[EventRounds "7"]
[EventCountry "GER"]
[SourceTitle "CBM 142 Extra"]
[Source "ChessBase"]
[SourceDate "2011.06.27"]
[SourceVersion "1"]
[SourceVersionDate "2011.06.27"]
[SourceQuality "1"]

1. b3 Nf6 2. Bb2 g6 3. Bxf6 exf6 4. d4 d5 5. e3 Bg7 6. Nf3 0-0 7. Nbd2 Bg4 8. h3 Bxf3 9. Nxf3 Nd7 10. Rc1 Qe7 11. Be2 Rfe8 12. 0-0 f5 13. Re1 c6 14. c4 dxc4 15. Bxc4 Nb6 16. Be2 Rad8 17. Qc2 Nd5 18. Qc5 Qxc5 19. dxc5 f4 20. exf4 Bc3 21. Bc4 Bxe1 22. Rxe1 Rxe1+ 23. Nxe1 Nxf4 24. Nf3 Kg7 25. a4 f6 26. g3 Nd3 27. Kf1 Nxc5 28. Ke1 Nd3+ 29. Ke2 Ne5 30. Nxe5 fxe5 31. f3 Kf6 32. Bd3 a6 33. Kd2 b5 34. axb5 axb5 35. Kc3 Rxd3+ 36. Kxd3 c5 37. Ke3 Ke6 38. Ke4 h6 39. h4 Kd6 40. g4 Ke6 41. f4 exf4 42. Kxf4 Kd5 0-1